[Event "Summer Cup"]
[Site "Wellington Chess Club"]
[Date "2018.02.08"]
[Round "3.15"]
[White "Bennett, Ezra"]
[Black "Zhao, Aiden"]
[Result "1-0"]
[WhiteElo "1427"]
[BlackElo "1291"]

1. Nf3 d5 2. d4 Nc6 3. Bf4 e6 4. e3 Bd6 5. Bxd6 Qxd6 6. c4 Nge7 7. Nc3 O-O 8.
Bd3 e5 9. O-O e4 10. Nxe4 dxe4 11. Bxe4 Bg4 12. Bxh7+ Kxh7 13. Ng5+ Kg8 14.
Qxg4 f6 15. Ne6 Rf7 16. d5 Ne5 17. Qe4 c6 18. Rad1 cxd5 19. cxd5 Rc8 20. Rc1 g6
21. Qd4 Nxd5 22. Rxc8+ Kh7 23. Qh4# 1-0

[Event "Summer Cup"]
[Site "Wellington Chess Club"]
[Date "2018.02.08"]
[Round "3.16"]
[White "Wevers, Alexis"]
[Black "Sole, Christopher"]
[Result "1-0"]
[WhiteElo "1614"]
[BlackElo "1147"]

1. d4 d5 2. Bf4 e6 3. Nf3 f6 4. e3 Nc6 5. c3 Bd6 6. Bg3 Bxg3 7. hxg3 Nge7 8.
Nbd2 Nf5 9. Bd3 Nce7 10. c4 Qd6 11. c5 Qd8 12. b4 c6 13. O-O Qc7 14. a4 Nxg3
15. fxg3 Qxg3 16. Qe1 Qxe1 17. Raxe1 g5 18. e4 O-O 19. Nh2 dxe4 20. Nxe4 Nd5
21. Bc4 Kg7 22. Nd6 Nxb4 23. Bxe6 Bxe6 24. Rxe6 Rad8 25. Re7+ Kg6 26. Rxb7 a5
27. Ra7 Ra8 28. Rxa8 Rxa8 29. Ng4 Nd5 30. Ne4 f5 31. Ne5+ Kh6 32. Rxf5 Rg8 33.
Nxc6 Nf4 34. Rf6+ Ng6 35. Ne7 Kg7 1-0

[Event "Summer Cup"]
[Site "Wellington Chess Club"]
[Date "2018.02.08"]
[Round "3.18"]
[White "Stannard, Lars"]
[Black "He, Paul"]
[Result "1-0"]
[WhiteElo "1403"]
[BlackElo "1183"]

1. d4 Nf6 2. Nf3 d5 3. e3 c5 4. b3 Nc6 5. c3 Bg4 6. Be2 Ne4 7. h3 Bh5 8. Bb2
Qa5 9. O-O e6 10. dxc5 Bxc5 11. b4 Qb6 12. Nbd2 Nf6 13. Qc2 Bd6 14. Rfe1 O-O
15. a3 Bg6 16. Bd3 Nd7 17. c4 dxc4 18. Nxc4 Qc7 19. Qc3 e5 20. Bxg6 fxg6 21. e4
Rac8 22. Rac1 b5 23. Nxd6 Qxd6 24. Qe3 Nb6 25. Red1 Qf6 26. Ba1 Nc4 27. Qb3 Qf4
28. Re1 Rfd8 29. a4 a6 30. axb5 axb5 31. Rcd1 Rxd1 32. Rxd1 Qxe4 33. Re1 Qd5
34. Nxe5 N6xe5 35. Rxe5 Qd2 36. Bc3 Qc1+ 37. Re1 Qf4 38. Be5 Qf7 39. Qg3 Nxe5
40. Qxe5 Qc4 41. Re4 Qc6 42. Rd4 Qc1+ 43. Kh2 Qc7 44. Qxc7 Rxc7 45. Rd5 Rb7 46.
f4 Kf7 47. g4 h6 48. Kg3 Ke6 49. Re5+ Kf6 50. Rc5 Rb6 51. g5+ Ke7 52. h4 h5 53.
Kf3 Kd7 54. f5 gxf5 55. Rxf5 Ke6 56. Ke4 Rc6 57. Re5+ Kd6 58. Rd5+ Ke6 59. Re5+
Kd6 60. Rxb5 Rc4+ 61. Kf5 Rxh4 62. Kg6 Rh1 63. Kxg7 h4 64. g6 h3 65. Kh7 h2 66.
Rh5 Rb1 67. Rxh2 Rxb4 68. g7 Rb7 69. Re2 Rb1 70. Rg2 Rb8 71. Rf2 Rb7 72. Kg6
Rxg7+ 73. Kxg7 Ke5 74. Kg6 Ke4 75. Kg5 Ke3 76. Rf4 Kd3 77. Kf5 1-0

[Event "Summer Cup"]
[Site "Wellington Chess Club"]
[Date "2018.02.15"]
[Round "4.01"]
[White "Timergazi, Layla"]
[Black "Croad, Nicolas"]
[Result "1-0"]
[WhiteElo "2133"]
[BlackElo "2407"]

1. d4 Nf6 2. c4 g6 3. Nc3 Bg7 4. e4 d6 5. h3 O-O 6. Bg5 Nbd7 7. Bd3 e5 8. d5 h6
9. Be3 Nc5 10. Bc2 a5 11. Qd2 Kh7 12. Nge2 a4 13. g4 Ng8 14. Ng3 Bd7 15. O-O-O
Bf6 16. f3 Bh4 17. Rdg1 Qf6 18. f4 exf4 19. Bxf4 a3 20. b3 Qh8 21. Nge2 Rfe8
22. g5 hxg5 23. Bxg5 Bxg5 24. Rxg5 Re5 (24... Nxe4 25. Bxe4 Rxe4 26. Nxe4 Qa1+
27. Kc2 Qxh1 28. Qf4 f6 29. Rg1 Qxh3 $17) 25. h4 Qf6 26. Ng3 Nh6 27. Rf1 Qe7
28. Qf4 Re8 29. Rg1 Rg8 30. Nge2 f6 31. R5g2 g5 32. Qh2 g4 33. Qf4 Qg7 34. Nd4
Rge8 35. Nf3 Rxe4 36. Nxe4 Rxe4 37. Bxe4+ f5 38. Bc2 Qa1+ 39. Kd2 Qxa2 40. Ng5+
Kg8 41. Rg3 Qb2 42. Rb1 Qf6 43. Rgg1 a2 44. Ra1 Qb2 45. Qe3 f4 46. Qc3 Nxb3+
47. Qxb3 Qd4+ 48. Qd3 Qf2+ 49. Kc3 Bf5 50. Qd2 Qc5 51. Bxf5 Qa3+ 52. Kc2 Nxf5
53. Rge1 Qa7 54. Re8+ Kg7 55. Ne6+ Kh7 56. Qd3 Qa4+ 57. Kc1 Qxe8 58. Qxf5+ 1-0

[Event "Summer Cup"]
[Site "Wellington Chess Club"]
[Date "2018.02.15"]
[Round "4.02"]
[White "Dive, Russell"]
[Black "Sole, Michael"]
[Result "1-0"]
[WhiteElo "2443"]
[BlackElo "1801"]

1. Nf3 d6 2. c4 e5 3. Nc3 f5 4. d4 e4 5. Ng5 h6 6. Nh3 Nf6 7. Nf4 g5 8. Ng6 Rg8
9. Nxf8 Rxf8 10. h4 Rg8 11. hxg5 hxg5 12. f3 Qe7 13. e3 c6 14. Be2 f4 15. exf4
gxf4 16. Bxf4 Rxg2 17. fxe4 Nxe4 18. Rh8+ Kf7 19. Rh7+ Rg7 20. Rxg7+ Kxg7 21.
Nxe4 Qxe4 22. Qd2 Qh1+ 23. Bf1 Qh4+ 24. Kd1 Bg4+ 25. Kc2 Bf5+ 26. Kb3 Qf6 27.
Be2 Nd7 28. Rg1+ Kh8 29. Bg4 Nf8 30. Qh2+ Bh7 31. Bxd6 Ng6 32. Rh1 Qg7 33. Bf5
Re8 34. Be5 Rxe5 35. dxe5 1-0

[Event "Summer Cup"]
[Site "Wellington Chess Club"]
[Date "2018.02.15"]
[Round "4.03"]
[White "Brockway, Andrew"]
[Black "Ker, Anthony"]
[Result "0-1"]
[WhiteElo "1915"]
[BlackElo "2461"]

1. e4 c5 2. Nc3 g6 3. f4 Bg7 4. Nf3 Nc6 5. Bb5 Nd4 6. O-O a6 7. Bc4 b5 8. Bd5
Rb8 9. d3 e6 10. Bb3 Bb7 11. Ne2 Nxf3+ 12. gxf3 d5 13. c3 Ne7 14. Qe1 O-O 15.
Bc2 Rc8 16. Be3 d4 17. Bf2 dxc3 18. bxc3 b4 19. Rc1 a5 20. d4 cxd4 21. cxd4 Ba6
22. Qd2 Bxe2 23. Qxe2 Bxd4 24. Rfd1 Bxf2+ 25. Qxf2 Qc7 26. Qe3 Qc3 27. Bd3 Qa3
28. Rxc8 Rxc8 29. Qe2 Rc1 30. Bc4 Qc3 31. Bb3 Nc6 32. Qf1 Rxd1 33. Qxd1 Nd4 34.
Kf2 Nxb3 35. axb3 Kg7 36. e5 h6 37. Qd8 Qxb3 38. Qf6+ Kg8 39. Qd8+ Kh7 40. Qe7
Qc2+ 41. Kg3 Qf5 42. Qa7 b3 43. Qb7 a4 44. Qb4 g5 45. fxg5 hxg5 46. Qb5 Qf4+
47. Kg2 Qd2+ 48. Kg3 b2 49. Qb8 Qe1+ 0-1

[Event "Summer Cup"]
[Site "Wellington Chess Club"]
[Date "2018.02.15"]
[Round "4.04"]
[White "Sellen, Ian"]
[Black "Day, Fabian"]
[Result "1/2-1/2"]
[WhiteElo "2067"]
[BlackElo "1784"]

1. c4 g6 2. Nc3 c5 3. Nf3 Bg7 4. b3 Nf6 5. Bb2 O-O 6. e3 Nc6 7. d4 d5 8. Qd2
Ne4 9. Nxe4 dxe4 10. Ne5 Nxe5 11. dxe5 Qc7 12. Qc3 Rd8 13. Be2 Be6 14. O-O Rd7
15. Rfd1 Rad8 16. Kf1 h5 17. Rxd7 Rxd7 18. Rd1 Bg4 19. Bxg4 hxg4 20. Rxd7 Qxd7
21. Ke2 Bxe5 {Draw agreed} 1/2-1/2

[Event "Summer Cup"]
[Site "Wellington Chess Club"]
[Date "2018.02.15"]
[Round "4.05"]
[White "Rabina, Romeo"]
[Black "Jackson, Ross"]
[Result "1/2-1/2"]
[WhiteElo "1767"]
[BlackElo "2013"]

1. b3 d5 2. Bb2 Nc6 3. e3 Nf6 4. Nf3 Bg4 5. Be2 e6 6. d3 Bd6 7. Nbd2 O-O 8. c4
Re8 9. Qc1 e5 10. c5 Bf8 11. h3 Bd7 12. O-O Qe7 13. Ba3 b6 14. b4 a5 15. b5 Na7
16. cxb6 Qxa3 17. Qxa3 Bxa3 18. bxa7 Rxa7 19. d4 exd4 20. Nxd4 Bb2 21. N4b3
Bxa1 22. Rxa1 Kf8 23. Bd3 Be6 24. Nd4 Nd7 25. Rc1 Ne5 26. Be2 a4 27. Nb1 Rb7
28. Nc3 Ra7 29. Nb1 Bd7 30. Na3 {Can't work out the rest, draw agreed after
move 36} 1/2-1/2

[Event "Summer Cup"]
[Site "Wellington Chess Club"]
[Date "2018.02.15"]
[Round "4.06"]
[White "Benitez, Edgar"]
[Black "Hall, Nathan"]
[Result "1-0"]
[WhiteElo "1819"]
[BlackElo "1559"]

1. d4 f5 2. g3 Nf6 3. Bg2 e6 4. c4 Bb4+ 5. Bd2 Bxd2+ 6. Nxd2 d6 7. Ngf3 Nbd7 8.
O-O O-O 9. e3 Qe8 10. Qc2 a5 11. a3 Qh5 12. b4 Ne4 13. Nxe4 fxe4 14. Qxe4 Nf6
15. Qh4 Qf5 16. b5 h6 17. h3 Kh7 18. g4 g5 19. gxf5 gxh4 20. fxe6 Bxe6 21. d5
Bd7 22. Nd4 Rg8 23. Kh2 Rg6 24. Rg1 Rf8 25. Ra2 b6 26. a4 Kg8 27. Raa1 Nh5 28.
Bf3 Rxg1 29. Rxg1+ Ng7 30. Rg6 Kh7 31. Be4 Nf5 32. Rg4 Kh8 33. Rf4 1-0

[Event "Summer Cup"]
[Site "Wellington Chess Club"]
[Date "2018.02.15"]
[Round "4.07"]
[White "Konakanchi, Karthik"]
[Black "Stoeveken, Peter"]
[Result "0-1"]
[WhiteElo "1519"]
[BlackElo "1814"]

1. e4 c5 2. Nf3 Nc6 3. c3 e6 4. d4 cxd4 5. cxd4 Bb4+ 6. Nc3 Nge7 7. e5 a6 8.
Bc4 b5 9. Bb3 Bb7 10. O-O Rc8 11. Bg5 Na5 12. Rc1 Bxf3 13. Qxf3 Nxb3 14. axb3
Qb6 15. Rfd1 Nf5 16. Qe4 d5 17. exd6 Nxd6 18. Qe5 O-O 19. Be7 Rfe8 20. Bh4 Nf5
21. Qe4 Be7 22. Bxe7 Nxe7 23. d5 exd5 24. Nxd5 Nxd5 25. Rxc8 Rxc8 26. Qxd5 h6
27. h3 Qf6 28. Qd2 Qc6 29. Re1 Kf8 30. Re3 Qc1+ 31. Qxc1 Rxc1+ 32. Kh2 Rc2 0-1

[Event "Summer Cup"]
[Site "Wellington Chess Club"]
[Date "2018.02.15"]
[Round "4.11"]
[White "Meravanage, Satwik"]
[Black "Bennett, Ezra"]
[Result "1-0"]
[WhiteElo "1541"]
[BlackElo "1427"]

1. e4 e5 2. Nc3 Nc6 3. f4 d6 4. Nf3 f5 5. fxe5 fxe4 6. Nxe4 h6 7. Bb5 dxe5 8.
O-O Qd5 9. Bxc6+ bxc6 10. Nc3 Bc5+ 11. d4 Bxd4+ 12. Nxd4 Qc5 13. Qh5+ Kd8 14.
Be3 Nf6 15. Rxf6 gxf6 16. Ne6+ 1-0

[Event "Summer Cup"]
[Site "Wellington Chess Club"]
[Date "2018.02.15"]
[Round "4.13"]
[White "Aldridge, Alan"]
[Black "Theodosiou, Andreas"]
[Result "1-0"]
[WhiteElo "1946"]
[BlackElo "1479"]

1. d4 Nf6 2. c4 d5 3. Nc3 e6 4. Bg5 Bb4 5. e3 O-O 6. Nf3 Nbd7 7. Bd3 c5 8. Rc1
cxd4 9. exd4 dxc4 10. Bxc4 Re8 11. O-O a6 12. d5 b5 13. dxe6 fxe6 14. Qb3 Qe7
15. Bxe6+ Qxe6 16. Qxb4 Bb7 17. Bxf6 Qxf6 18. Qb3+ Kh8 19. Nd5 Qg6 20. Nc7 Rf8
21. Nh4 Qe4 22. Nxa8 Qxh4 23. Nc7 Qe4 24. f3 Qg6 25. Qe6 Nf6 26. Qe7 Kg8 27.
Ne6 Re8 28. Qxb7 Rxe6 29. Rc8+ Ne8 30. Qd5 Kh8 31. Rd1 Re2 32. f4 h5 33. g3 h4
34. Qd3 Qg4 35. Qd7 Rg2+ 36. Kxg2 Qe2+ 37. Kh3 hxg3 38. Qxe8+ 1-0

[Event "Summer Cup"]
[Site "Wellington Chess Club"]
[Date "2018.02.15"]
[Round "4.14"]
[White "Stracy, Don"]
[Black "Stannard, Lars"]
[Result "1-0"]
[WhiteElo "1710"]
[BlackElo "1403"]

1. e4 e5 2. Nf3 Nc6 3. Bb5 Nd4 4. Nxd4 exd4 5. O-O Bc5 6. d3 Ne7 7. c3 O-O 8.
cxd4 Bxd4 9. Nc3 d6 10. Re1 Be6 11. Be3 Bxe3 12. Rxe3 a6 13. Ba4 b5 14. Bc2 Ng6
15. d4 c6 16. a3 Qg5 17. Rg3 Qf6 18. Qd2 Qf4 19. Rd1 Rad8 20. Ne2 Qxd2 21. Rxd2
Rd7 22. f4 Bc4 23. Bd3 Bxd3 24. Rgxd3 Rfd8 25. b4 Ne7 26. g4 h6 27. Kg2 f6 28.
f5 d5 29. e5 fxe5 30. dxe5 Kf8 31. Nf4 d4 32. Ne6+ Ke8 33. Nxd8 Rxd8 34. Rxd4
Nd5 35. Kf3 Ke7 36. h4 Rf8 37. Rxd5 cxd5 38. Rxd5 Rc8 39. Ke3 Rc3+ 40. Rd3 Rc1
41. e6 Re1+ 42. Kf4 g6 43. fxg6 Kxe6 44. Re3+ Rxe3 45. Kxe3 Kf6 46. h5 Kg7 47.
Kd4 1-0

[Event "Summer Cup"]
[Site "Wellington Chess Club"]
[Date "2018.02.15"]
[Round "4.16"]
[White "Tagos, Bernardo"]
[Black "Wevers, Alexis"]
[Result "0-1"]
[WhiteElo "1496"]
[BlackElo "1614"]

1. c4 Nf6 2. Nf3 c6 3. Nc3 d5 4. d4 dxc4 5. e4 Bg4 6. Bxc4 Bxf3 7. gxf3 g6 8.
Qb3 e6 9. Qxb7 Nbd7 10. Qxc6 Rc8 11. Qb5 Be7 12. Qa4 O-O 13. Bf4 Nb6 14. Qxa7
Nxc4 15. O-O Nxb2 16. Nb5 Qd7 17. Qxd7 Nxd7 18. Rab1 Nc4 19. Rfc1 e5 20. dxe5
Ndxe5 21. Rc3 f6 22. a4 g5 23. Bxe5 Nxe5 24. a5 Rxc3 25. Nxc3 Ra8 26. Nd5 Bd8
27. Nb6 Rxa5 28. Kg2 Bxb6 29. Rxb6 Kg7 30. Rb3 Kg6 31. h3 Kh5 32. Kg3 Ra6 33.
f4 gxf4+ 34. Kxf4 Ng6+ 35. Kg3 Ra4 36. f3 Ne5 37. Rc3 Ra8 38. f4 Rg8+ 39. Kh2
Ng6 40. Rc5+ Kh6 41. Rf5 Kg7 42. Kg3 Re8 43. e5 fxe5 44. fxe5 Nxe5 45. Kf4 Nd3+
46. Kg5 Re4 47. Kh5 Nf4+ 48. Kg4 Ng6+ 49. Kg3 Rh4 50. Rg5 Ra4 51. h4 Kh6 52.
Rg4 Ra3+ 53. Kg2 Kh5 54. Re4 Nxh4+ 55. Kh2 Nf3+ 56. Kg2 Ng5 57. Kh2 h6 58. Kg2
Rh3 59. Kf2 Rh4 60. Re3 0-1

[Event "Summer Cup"]
[Site "Wellington Chess Club"]
[Date "2018.02.15"]
[Round "4.17"]
[White "Kierstead, James"]
[Black "Asher, Bruce"]
[Result "1-0"]
[WhiteElo "1143"]
[BlackElo "1268"]

1. e4 e5 2. Nf3 Nc6 3. Bc4 Nf6 4. Nc3 Bb4 5. O-O d6 6. d3 O-O 7. Bd2 Bg4 8. h3
Bh5 9. a3 Bc5 10. Qc1 h6 11. Nd5 Na5 12. Bxa5 b6 13. Bd2 c6 14. Nc3 b5 15. Ba2
Nd7 16. Ne2 Qf6 17. Ng3 Bxf3 18. gxf3 Qxf3 19. Be3 d5 20. exd5 cxd5 21. Bxc5
Nxc5 22. Qe3 Qxe3 23. fxe3 Rad8 24. Rf5 Rfe8 25. Raf1 Re7 26. Ne2 Ne6 27. Rxe5
Rd6 28. Bxd5 Kf8 29. e4 f6 30. Rxe6 Rexe6 31. Bxe6 Rxe6 32. Nd4 Re5 33. Rf5
Rxf5 34. Nxf5 Kg8 35. c4 bxc4 36. dxc4 Kf8 37. Kf2 Ke8 38. c5 Kd7 39. b4 Kc6
40. Nxg7 Kb5 41. Nh5 a5 42. Nxf6 axb4 43. axb4 Kc6 44. Nd5 h5 45. Kf3 Kd7 46.
Kf4 Ke6 47. b5 Kd7 48. Kg5 Ke6 49. Nc3 Kd7 50. Kxh5 1-0

[Event "Summer Cup"]
[Site "Wellington Chess Club"]
[Date "2018.02.22"]
[Round "5.01"]
[White "Timergazi, Layla"]
[Black "Dive, Russell"]
[Result "0-1"]
[WhiteElo "2133"]
[BlackElo "2443"]

1. d4 Nf6 2. c4 e6 3. Nc3 Bb4 4. g3 O-O 5. Bg2 Bxc3+ 6. bxc3 d6 7. Nf3 Re8 8.
O-O Nc6 9. Qc2 e5 10. dxe5 dxe5 11. Rd1 Qe7 12. Ng5 e4 13. a4 Bf5 14. Ba3 Qe5
15. Qb2 h6 16. Nh3 Na5 17. Qb5 c6 18. Qxe5 Rxe5 19. Bd6 Ree8 20. c5 g5 21. e3
Nd5 22. Ra3 Bg4 23. Rd4 f5 24. Kf1 Rac8 25. Ng1 Nf6 26. Ke1 Bh5 27. Bf1 Bf7 28.
h4 Kg7 29. c4 Kg6 30. Kd2 Nd7 31. Kc3 b6 32. cxb6 c5 33. Rd1 axb6 34. Nh3 Be6
35. Ra2 Nc6 36. Rad2 Nf6 37. Bg2 Ra8 38. Ra1 Ra7 39. f3 Rea8 40. fxe4 Nxe4+ 41.
Bxe4 fxe4 42. Nf2 Rxa4 43. Rxa4 Rxa4 44. Rb2 Na5 45. Rxb6 Nxc4 46. Rc6 Ra3+ 47.
Kc2 Ra2+ 48. Kc1 Rxf2 49. Bxc5 gxh4 50. Rxe6+ Kf5 51. Rxh6 hxg3 52. Bd4 g2 0-1

[Event "Summer Cup"]
[Site "Wellington Chess Club"]
[Date "2018.02.22"]
[Round "5.02"]
[White "Ker, Anthony"]
[Black "Stoeveken, Peter"]
[Result "1-0"]
[WhiteElo "2461"]
[BlackElo "1814"]

1. e4 c5 2. c3 Nc6 3. d4 e6 4. d5 Ne5 5. f4 Ng6 6. d6 Qb6 7. e5 Nxf4 8. Bxf4
Qxb2 9. Bc1 Qxa1 10. Qc2 b5 11. Bxb5 Rb8 12. Na3 Bb7 13. Ne2 Bd5 14. c4 Qxe5
15. cxd5 Qxd5 16. O-O Rb6 17. Qa4 Qb7 18. Bxd7+ Qxd7 19. Qxd7+ Kxd7 20. Rxf7+
Ne7 21. dxe7 Bxe7 22. Rxg7 Ke8 23. Nf4 Kf8 24. Nh5 Rd6 25. Bh6 Ke8 26. Nc4 Rd1+
27. Kf2 Rf8+ 28. Ke2 Rff1 29. Bd2 h6 30. Ne3 Rxd2+ 31. Kxd2 Rf2+ 32. Kd3 Rxa2
33. Ke4 a5 34. Nf4 Kd7 35. Ng6 Ra4+ 36. Ke5 c4 37. Nxe7 Ke8 38. Kxe6 1-0

[Event "Summer Cup"]
[Site "Wellington Chess Club"]
[Date "2018.02.22"]
[Round "5.03"]
[White "Croad, Nicolas"]
[Black "Winter, Ryan"]
[Result "1-0"]
[WhiteElo "2407"]
[BlackElo "1814"]

1. d4 d5 2. c4 c6 3. Nf3 Nf6 4. e3 Bf5 5. Nc3 e6 6. Nh4 Bg4 7. Qb3 Qb6 8. h3
Bh5 9. g4 Bg6 10. c5 Qc7 11. Nxg6 hxg6 12. g5 Ng8 13. e4 Ne7 14. Bf4 Qc8 15. h4
Nd7 16. Bg2 b6 17. exd5 Nxd5 18. Nxd5 exd5 19. Qe3+ Be7 20. O-O-O Kf8 21. Rde1
Qd8 22. Qg3 Kg8 23. Bc7 Qf8 24. Bh3 Rd8 25. Bxd8 Qxd8 26. cxb6 Nxb6 27. f4 Nc4
28. f5 Qa5 29. Qc3 Bb4 30. Re8+ Kh7 31. fxg6+ fxg6 32. Rxh8+ Kxh8 33. Qb3 Bd6
34. Rd1 Bf4+ 35. Kb1 Nd2+ 36. Rxd2 Qxd2 37. a3 Qe1+ 38. Ka2 Qxh4 39. Bd7 Qxg5
40. Bxc6 Be3 41. Bxd5 Qf4 42. Bf7 Bxd4 43. Qh3+ Qh6 44. Qc8+ 1-0

[Event "Summer Cup"]
[Site "Wellington Chess Club"]
[Date "2018.02.22"]
[Round "5.05"]
[White "Nyberg, Michael"]
[Black "Chen, Wei Kai"]
[Result "1-0"]
[WhiteElo "2149"]
[BlackElo "1879"]

1. d4 Nf6 2. Nf3 d5 3. e3 Bg4 4. Bd3 e6 5. Nbd2 c5 6. c3 Nc6 7. b3 Qa5 8. Bb2
Bd6 9. Qe2 O-O 10. O-O cxd4 11. exd4 Rac8 12. h3 Bh5 13. Qe3 Qc7 14. Qe1 a6 15.
a4 Na5 16. Ne5 Bxe5 17. dxe5 Nd7 18. c4 dxc4 19. Bxc4 Nxc4 20. Nxc4 Nc5 21. Nd6
Rcd8 22. Qc3 Qb6 23. Ba3 Nd7 24. Nc4 1-0

[Event "Summer Cup"]
[Site "Wellington Chess Club"]
[Date "2018.02.22"]
[Round "5.07"]
[White "Rossiter, Philip"]
[Black "Rabina, Romeo"]
[Result "1-0"]
[WhiteElo "1969"]
[BlackElo "1767"]

1. c4 Nc6 2. Nc3 e5 3. g3 Nf6 4. Bg2 Be7 5. d3 d6 6. Nf3 Be6 7. O-O Qc8 8. Ng5
Bd7 9. a3 h6 10. Nf3 Bh3 11. b4 Bxg2 12. Kxg2 O-O 13. Bb2 Nh7 14. Nd5 Bd8 15.
Rc1 Qe6 16. e4 Ne7 17. Qe2 Nxd5 18. cxd5 Qd7 19. d4 f6 20. Nh4 Rf7 21. Nf5 Kf8
22. f4 c6 23. dxc6 bxc6 24. dxe5 fxe5 25. fxe5 Ng5 26. exd6 Bf6 27. e5 Re8 28.
h4 Bxe5 29. hxg5 Bxb2 30. Qxb2 1-0

[Event "Summer Cup"]
[Site "Wellington Chess Club"]
[Date "2018.02.22"]
[Round "5.08"]
[White "Sole, Michael"]
[Black "Brockway, Andrew"]
[Result "0-1"]
[WhiteElo "1801"]
[BlackElo "1915"]

1. e4 c5 2. Nf3 g6 3. d4 cxd4 4. Qxd4 Nf6 5. e5 Nc6 6. Qa4 Nd5 7. Qe4 Nc7 8.
Nc3 Bg7 9. Bf4 Ne6 10. O-O-O { This must also be fine though }  (10. Bg3 { This
is the book move. I was considering this but I felt that my bishop would be out
of the action and not be able to contest the h6-c1 digonal } ) 10... O-O 11. h4
{ [%cal Gf7f6] } 11... f5 { [%cal Ge5f6] }  (11... f6) 12. Qc4 $6 (12. exf6 $1
Bxf6 { I rejected this move as I felt that the pawn on e5 was doing a great job
at keeping the DSB out of the game and that in this line I would need to waste
time by moving my DSB again. }  (12... exf6)  (12... Rxf6) 13. Bc4 Qe8 { The
comp gives this as much better for white. I underestimated the quickness of my
attack and most importantly that Bc4 pinned the knight and meant that he
couldn't take my DSB. } 14. h5 gxh5 15. Rd5) 12... b5 $1 13. Qd5 (13. Nxb5 Ba6
14. a4 Rb8) 13... Bb7 14. Ng5 Qc8 15. Nxe6 dxe6 16. Qxb5 Rb8 { [%cal Gh4h5] }
17. h5 Ba8 { Missed this idea } 18. Qe2 Qb7 19. b3 Qb4 { [%csl
Gf4,Gc3,Ga2][%cal Gb4f4,Gb4c3,Gb4a3,Gc6b4] } 20. Nb1 (20. Qc4 Nxe5 21. Bxe5
Qxc4 22. Bxc4 Bxe5 23. Bxe6+ Kg7) 20... Qxf4+ { White resigns. 0-1 } 0-1

[Event "Summer Cup"]
[Site "Wellington Chess Club"]
[Date "2018.02.22"]
[Round "5.09"]
[White "Sellen, Ian"]
[Black "Aldridge, Alan"]
[Result "1-0"]
[WhiteElo "2067"]
[BlackElo "1946"]

1. c4 e5 2. Nc3 f5 3. g3 Nf6 4. Bg2 Nc6 5. e3 Bc5 6. Nge2 d6 7. d4 Bb6 8. O-O
Rb8 9. a3 a5 10. Rb1 O-O 11. b4 Bd7 12. c5 dxc5 13. dxc5 Ba7 14. b5 Ne7 15.
Qb3+ Kh8 16. b6 cxb6 17. cxb6 Bxb6 18. Qxb6 e4 19. Rd1 Qe8 20. Bb2 Nc6 21. Nf4
Ne5 22. Ncd5 Nxd5 23. Rxd5 Nc4 24. Bxg7+ Kxg7 25. Qd4+ Kg8 26. Rxd7 1-0

[Event "Summer Cup"]
[Site "Wellington Chess Club"]
[Date "2018.02.22"]
[Round "5.10"]
[White "Pomeroy, Arthur"]
[Black "Konakanchi, Karthik"]
[Result "1-0"]
[WhiteElo "2092"]
[BlackElo "1519"]

1. e4 e5 2. Nf3 Nc6 3. Bb5 a6 4. Ba4 Bc5 5. O-O Nge7 6. d3 d6 7. Be3 Bxe3 8.
fxe3 Bg4 9. Nbd2 Qd7 10. c3 O-O-O 11. b4 f5 12. b5 axb5 13. Bxb5 h5 14. Qa4 Qe6
15. d4 exd4 16. Nxd4 Qe5 17. Nxc6 Nxc6 18. Bxc6 bxc6 19. Qxc6 Be2 20. Rxf5 Bb5
21. Qxb5 1-0

[Event "Summer Cup"]
[Site "Wellington Chess Club"]
[Date "2018.02.22"]
[Round "5.11"]
[White "Hall, Nathan"]
[Black "Farrington, Lawrence"]
[Result "1/2-1/2"]
[WhiteElo "1559"]
[BlackElo "1800"]

1. e4 e6 2. d4 d5 3. Nc3 Bb4 4. e5 c5 5. a3 Bxc3+ 6. bxc3 Ne7 7. Qg4 Qc7 8. Bd2
Nbc6 9. Nf3 Bd7 10. Bd3 c4 11. Be2 Nf5 12. Nh4 Nce7 13. Bg5 Ba4 14. Kd2 O-O-O
15. Bxe7 Nxe7 16. Qxg7 Ng6 17. Qf6 Nxh4 18. Qxh4 Rdg8 19. g3 Qd7 20. f4 Qe8 21.
Bh5 Bd7 22. Qf6 Rf8 23. Rab1 b6 24. g4 Qd8 25. Qxd8+ Kxd8 26. Rhf1 f5 27. gxf5
exf5 28. Rg1 Rhg8 29. Rbe1 Be6 30. h4 h6 31. Bg6 Rg7 32. Rg2 Rfg8 33. Reg1 Ke7
34. Ke2 Bf7 35. h5 Be6 36. Kf3 Kf8 37. Kf2 Ke7 38. Bh7 Rxg2+ 39. Rxg2 Rxg2+ 40.
Kxg2 Kf8 41. Bg6 Ke7 42. Kf2 Bd7 43. Ke2 Ke6 44. Kd2 a5 45. Bh7 Kf7 1/2-1/2

[Event "Summer Cup"]
[Site "Wellington Chess Club"]
[Date "2018.02.22"]
[Round "5.14"]
[White "Tagos, Bernardo"]
[Black "Kierstead, James"]
[Result "1-0"]
[WhiteElo "1496"]
[BlackElo "1143"]

1. c4 g6 2. Nf3 Bg7 3. Nc3 Nf6 4. d4 d6 5. d5 O-O 6. e4 Bg4 7. Be2 Bxf3 8. Bxf3
Nbd7 9. O-O Ne5 10. Be2 Ned7 11. Be3 a6 12. Qc2 c6 13. Rad1 c5 14. b3 Qc7 15.
f4 e5 16. dxe6 fxe6 17. Bf3 Rf7 18. Ne2 Raf8 19. Ng3 Ne8 20. Kh1 Qb6 21. Bg4
Rf6 22. e5 dxe5 23. Ne4 R6f7 24. Ng5 Ndf6 25. Bxe6 Ng4 26. Bxf7+ Rxf7 27. Bc1
Rxf4 28. Bxf4 exf4 29. Qe4 Be5 30. Rxf4 Bxf4 31. Qxf4 Ngf6 32. h3 h6 33. Ne4 g5
34. Nxf6+ Nxf6 35. Qd6 Qxd6 36. Rxd6 Kg7 37. Rb6 Ne4 38. Rxb7+ Kg6 39. Rb6+ Kf5
40. Rxh6 Kf4 41. Kg1 Kg3 42. Re6 Nc3 43. Re3+ 1-0

[Event "Summer Cup"]
[Site "Wellington Chess Club"]
[Date "2018.02.22"]
[Round "5.15"]
[White "Bennett, Ezra"]
[Black "He, Caleb"]
[Result "0-1"]
[WhiteElo "1427"]
[BlackElo "1485"]

1. d4 Nf6 2. Nf3 g6 3. Bf4 Bg7 4. e3 O-O 5. Bd3 d6 6. h3 Nbd7 7. Nc3 b6 8. Bg5
Bb7 9. h4 h6 10. Bf4 c5 11. Qe2 cxd4 12. Nxd4 Bxg2 13. Rg1 Bb7 14. Nf5 h5 15.
Bh6 Bxh6 16. Nxh6+ Kh8 17. O-O-O Ne5 18. f4 Bf3 19. Qf2 Nxd3+ 20. Rxd3 Bb7 21.
f5 Kg7 22. Qf4 Rh8 23. Nxf7 Kxf7 24. fxg6+ Kg7 25. Nd5 Bxd5 26. Rxd5 Qe8 27. e4
Nxd5 28. exd5 Rh6 29. Qd4+ Kg8 30. Qe4 Qf8 31. Qe6+ Kg7 32. Qe4 0-1

[Event "Summer Cup"]
[Site "Wellington Chess Club"]
[Date "2018.02.22"]
[Round "5.16"]
[White "Sole, Christopher"]
[Black "Forlong-Ford, Colwyn"]
[Result "1-0"]
[WhiteElo "1147"]
[BlackElo "1719"]

1. e4 e5 2. Nf3 Nc6 3. Bc4 Bc5 4. O-O d6 5. d3 Bg4 6. Nbd2 Nd4 7. Re1 Qf6 8. c3
Nxf3+ 9. Nxf3 Bxf3 10. Qxf3 Qxf3 11. gxf3 Ne7 12. f4 f6 13. fxe5 fxe5 14. Rd1
Rf8 15. d4 exd4 16. cxd4 Bb6 17. Be6 Nc6 18. Be3 Rf6 19. Bh3 Kf7 20. a3 Re8 21.
Bg2 Na5 22. Rac1 h6 23. f4 1-0

[Event "Summer Cup"]
[Site "Wellington Chess Club"]
[Date "2018.02.22"]
[Round "5.18"]
[White "Stannard, Lars"]
[Black "Stannard, Bobby"]
[Result "0-1"]
[WhiteElo "1403"]
[BlackElo "1350"]

1. d4 d5 2. e3 c5 3. Nf3 Nc6 4. Bb5 Bd7 5. Nc3 Nf6 6. O-O a6 7. Bxc6 Bxc6 8. a3
e6 9. Re1 Bd6 10. dxc5 Bxc5 11. b4 Bd6 12. Bb2 e5 13. Ne2 e4 14. Nfd4 Qc7 15.
g3 Bd7 16. Nf4 Bxf4 17. exf4 O-O 18. Nb3 Bg4 19. Qd2 Bf3 20. Bxf6 Qd7 21. Nd4
Qh3 22. Nxf3 exf3 0-1

[Event "Summer Cup"]
[Site "Wellington Chess Club"]
[Date "2018.02.22"]
[Round "5.19"]
[White "Zhao, Aiden"]
[Black "Darr, Samuel"]
[Result "0-1"]
[WhiteElo "1291"]
[BlackElo "1545"]

1. e4 e6 2. Nc3 d5 3. exd5 exd5 4. d4 Nf6 5. Nf3 Bg4 6. Be2 Bb4 7. Bd2 O-O 8.
h3 Bh5 9. O-O Re8 10. a3 Bd6 11. Bg5 Be7 12. Bb5 c6 13. Ba4 b5 14. Bb3 h6 15.
a4 hxg5 16. axb5 cxb5 17. Nxb5 Nc6 18. Qd3 a6 19. Nc3 Bg6 20. Qe2 Bc5 21. Qd2
Bb4 22. Qxg5 Bxc3 23. bxc3 Ne4 24. Qxd5 Qxd5 25. Bxd5 Rec8 26. Bxe4 Bxe4 27.
Ra2 f6 28. Re1 Bh7 29. Re6 Bf5 30. Re3 a5 31. Nh4 Bh7 32. Rg3 a4 33. Rg4 a3 34.
d5 Ne5 35. Rg3 g5 36. Nf3 Rxc3 37. Nxe5 Rxg3 38. fxg3 fxe5 39. c3 Bb1 40. Ra1
a2 41. Kf2 Rc8 42. h4 gxh4 43. gxh4 Rxc3 44. Ke1 Rd3 45. Ke2 Rxd5 46. h5 e4 47.
g3 Rd7 48. g4 Rg7 49. Kd1 Rxg4 50. Kc1 Rh4 51. Rxb1 axb1=Q+ 52. Kxb1 Rxh5 53.
Kc1 Kf7 54. Kd2 Ke6 55. Ke3 Ke5 56. Ke2 Kd4 57. Kd2 e3+ 0-1